Vocabulaire progressif du français: avec 250 exercices
Guardat en:
| Autor principal: | |
|---|---|
| Format: | Llibre |
| Idioma: | Undetermined |
| Publicat: |
Francia
CLE International
2002
|
| Matèries: | |
| Etiquetes: |
Afegir etiqueta
Sense etiquetes, Sigues el primer a etiquetar aquest registre!
|
MARC
| LEADER | 00000nam a2200000Ia 4500 | ||
|---|---|---|---|
| 008 | 170316s9999 xx 000 0 und d | ||
| 090 | |a 415-F L-5vp | ||
| 100 | |a Leroy-Miquel, Claire | ||
| 245 | |a Vocabulaire progressif du français: avec 250 exercices | ||
| 260 | |a Francia | ||
| 260 | |b CLE International | ||
| 260 | |c 2002 | ||
| 300 | |a 160 páginas | ||
| 650 | |a GRAMÁTICA FRANCESA | ||
| 650 | |a EJERCICIOS | ||
| 650 | |a TEXTOS DE DIVERSOS TEMAS | ||
| 999 | |c 19224 |d 19224 | ||
| 040 | |a cru BVZT | ||
| 942 | |c 15 D |h 415-F L-5vp |2 z | ||
